000 00707nam a2200277Ia 4500
005 20250425161928.0
008 250425s9999 xx 000 0 und d
041 _aspa
043 _ack
082 _a658.91362
100 _aFUNDACION RESTREPO, BARCO
245 0 _aGUIA PARA EL MEJORAMIENTO DE UN AREA MEDICA Y ADMINISTRATIVA
250 _a1A ED.
260 _aBOGOTA
260 _aColombia
_bFUNDACION ANTONIO RESTREPO
_c1992
300 _a100
500 _aSERIE GEHOS No.2
650 _aADMINISTRACION
650 _aCALIDAD
650 _aGUIAS
650 _aMEJORAMIENTO TECNICO
650 _aSALUD
710 _aFUNDACION ANTONIO RESTREPO BARCO
942 _c01
010 _a35267
999 _c219046
_d219046